000
00188nam a2200085 4500
001
1257681
005
20260218093932.0
245
_a
MASALİSTANBUL
_c
FİGEN YAMAN COŞAR
260
_b
ERDEM GENÇ
999
_c
1257681
_d
1257681